Маркетинг в социальных сетях (Запись № 13672908)
[ простой вид ]
| 000 -МАРКЕР | |
|---|---|
| контрольное поле | 03150nam0a2200373 4500 |
| 001 - ИДЕНТИФИКАТОР ЗАПИСИ | |
| контрольное поле | RU\NLR\BIBL_A\022546394 |
| 005 - ИДЕНТИФИКАТОР ВЕРСИИ | |
| контрольное поле | 20260420044724.0 |
| 010 ## - МЕЖДУНАРОДНЫЙ СТАНДАРТНЫЙ НОМЕР КНИГИ (ISBN) | |
| Номер (ISBN) | 978-5-00202-746-0 |
| Тираж | 500 |
| 021 ## - НОМЕР ГОСУДАРСТВЕННОЙ РЕГИСТРАЦИИ | |
| Код страны | Российская Федерация |
| Номер | КН-П-25-017840 |
| Номер Листа государственной регистраци | КН-П-25-1813 |
| 035 ## - ДРУГИЕ СИСТЕМНЫЕ НОМЕРА | |
| Идентификатор записи | (NLR Aleph) 022546394 |
| 100 ## - ДАННЫЕ ОБЩЕЙ ОБРАБОТКИ | |
| Данные общей обработки | 20250521d2025 u y0rusy50 ca |
| 101 0# - ЯЗЫК РЕСУРСА | |
| Язык текста, звукозаписи и т.д. | русский |
| 102 ## - СТРАНА ПУБЛИКАЦИИ ИЛИ ПРОИЗВОДСТВА | |
| Страна публикации | Российская Федерация |
| 105 ## - ПОЛЕ КОДИРОВАННЫХ ДАННЫХ: ТЕКСТОВЫЕ МАТЕРИАЛЫ, МОНОГРАФИЧЕСКИЕ | |
| Кодированные данные о монографическом текстовом документе | a j 010yy |
| 181 #0 - ПОЛЕ КОДИРОВАННЫХ ДАННЫХ: ВИД СОДЕРЖАНИЯ | |
| Код вида содержания (ISBD) | i3 |
| Код характеристики содержания (ISBD) | axxe |
| 182 #0 - ПОЛЕ КОДИРОВАННЫХ ДАННЫХ: ТИП СРЕДСТВА | |
| Код типа средства (ISBD) | n - непосредственное |
| 200 1# - ЗАГЛАВИЕ И СВЕДЕНИЯ ОБ ОТВЕТСТВЕННОСТИ | |
| Основное заглавие | Маркетинг в социальных сетях |
| Сведения, относящиеся к заглавию | учебное пособие |
| -- | для студентов высших учебных заведений очной и заочной форм обучения направлений подготовки 38.04.01 "Экономика" и 38.04.06 "Торговое дело" |
| -- | посвящается 105-летию ФГБОУ ВО "Донецкий национальный университет экономики и торговли имени Михаила Туган-Барановского" |
| Первые сведения об ответственности | Азарян Елена Михайловна, Мелентьева Оксана Владимировна, Княжевский Илья Игоревич |
| Последующие сведения об ответственности | Министерство науки и высшего образования Российской Федерации, Федеральное государственное бюджетное образовательное учреждение высшего образования "Донецкий национальный университет экономики и торговли имени Михаила Туган-Барановского", Факультет маркетинга и торгового дела, Кафедра маркетинга и торгового дела |
| 203 ## - ВИД СОДЕРЖАНИЯ И ТИП СРЕДСТВА | |
| Вид содержания | Текст |
| Дополнительные сведения об издании | визуальный |
| Тип средства | непосредственный |
| 210 ## - ПУБЛИКАЦИЯ, РАСПРОСТРАНЕНИЕ И ДР. | |
| Место издания, распространения и т.д. | Барнаул |
| Имя издателя, распространителя и т. д. | Колмогоров И. А. |
| Дата издания, распространения и т.д. | 2025 |
| 215 ## - ФИЗИЧЕСКАЯ ХАРАКТЕРИСТИКА | |
| Размеры | 20 |
| 300 ## - ОБЩИЕ ПРИМЕЧАНИЯ | |
| Текст примечания | На обороте тит. л. авт.: Азарян Е. М., д-р экон. наук, проф., Мелентьева О. В., д-р экон. наук, доц., проф., Княжевский И. И., канд. экон. наук, доц. |
| 300 ## - ОБЩИЕ ПРИМЕЧАНИЯ | |
| Текст примечания | Доп. информ. в ссылках QR-кодов кн. |
| 320 ## - ПРИМЕЧАНИЯ О НАЛИЧИИ В ДОКУМЕНТЕ БИБЛИОГРАФИИ / УКАЗАТЕЛЯ | |
| Текст примечания | Библиогр.: с. 156-160 |
| 606 1# - НАИМЕНОВАНИЕ ТЕМЫ КАК ПРЕДМЕТ | |
| Наименование темы | Социальные сети |
| Формальный подзаголовок | Учебные издания для высших учебных заведений |
| Тематический подзаголовок | Применение в маркетинге |
| Системный номер авторитетной/нормативной записи | 2488526 |
| Идентификатор авторитетной/нормативной записи | RU\NLR\AUTH\6601692945 |
| 606 1# - НАИМЕНОВАНИЕ ТЕМЫ КАК ПРЕДМЕТ | |
| Наименование темы | INTERNET, глобальная информационная сеть |
| Формальный подзаголовок | Учебные издания для высших учебных заведений |
| Тематический подзаголовок | Применение в маркетинге |
| Системный номер авторитетной/нормативной записи | 2163030 |
| Идентификатор авторитетной/нормативной записи | RU\NLR\AUTH\661301621 |
| 686 1# - ИНДЕКСЫ ДРУГИХ КЛАССИФИКАЦИЙ | |
| Индекс | У5-361.4в612я73 |
| 700 #1 - ИМЯ ЛИЦА - ПЕРВИЧНАЯ ОТВЕТСТВЕННОСТЬ | |
| Начальный элемент ввода | Азарян |
| Часть имени, кроме начального элемента ввода | Е. М. |
| Расширение инициалов личного имени | Елена Михайловна |
| 701 #1 - ИМЯ ЛИЦА - АЛЬТЕРНАТИВНАЯ ОТВЕТСТВЕННОСТЬ | |
| Начальный элемент ввода | Мелентьева |
| Часть имени, кроме начального элемента ввода | О. В. |
| Расширение инициалов личного имени | Оксана Владимировна |
| 701 #1 - ИМЯ ЛИЦА - АЛЬТЕРНАТИВНАЯ ОТВЕТСТВЕННОСТЬ | |
| Начальный элемент ввода | Княжевский |
| Часть имени, кроме начального элемента ввода | И. И. |
| Расширение инициалов личного имени | Илья Игоревич |
| 942 ## - ДОПОЛНИТЕЛЬНЫЕ ЭЛЕМЕНТЫ ЗАПИСИ (АБИС) | |
| Тип экземпляра АБИС | Книга |
| 980 ## - КОЛЛЕКЦИЯ | |
| Название коллекции | Национальная библиография |
Нет доступных экземпляров.